Datum a čas kvízu
22
Celkem bodů
Celkový počet nahraných bodů na tomto kvízu bez doplňovacích otázek.
20.
Pořadí na kvízu
Konečné umístění týmu na tomto kvízu.
Zaznamenané odpovědi
| # | Otázka | Odpověď | Body | Výsledky |
|---|---|---|---|---|
| 1. | Co bylo hlavní motivací kavárn... | C | 0 | |
| 2. | Na Slovensku byl schválen záko... | B | 0 | |
| 3. | „Mí rodiče celý můj život kont... | Beckhamových | 0 | |
| 4. | Minulý týden se měnilo pořadí... | Michal Strnad | 1 | |
| 5. | Rvačky nejsou v NHL ničím neob... | Florida Panthers, San Jose Sharks | 0.5 | |
| 6. | Jak se jmenuje italský horolez... | Reinhold Messner | 0 | |
| 7. | Jak se trojslovně jmenuje tato... | lezení na rychlost | 0 | |
| 8. | Jak se jmenuje tento základní... | dračí smyčka | 1 | |
| 9. | Za půl bodu napište jméno ikon... | Matterhorn, Švýcarsko a Itálie | 0 | |
| 10. | Jak se jmenuje fenomenální slo... | B) Janja Garnbret | 0 |